00788cam a2200217 4500001001300000003000400013005001700017008004100034010001700075025002000092040001800112043002100130050001800151100001300169245016600182246005300348260009100401300001700492610004400509999001700553sa 68020220 DLC20260227112722.0730918s1965 io 010 0 eng  asa 68020220  aPL480:Indo-5081 aDLCcDLCdDLC aa------af------00aPN5360b.A2150 aAchmadi.00aA-A journalists help build the world anew;bmessage on the occasion of the second anniversary of the Afro-Asian Journalists Conference, Djakarta, April 21, 1965.3 aAfro-Asian journalists help build the world anew a[Djakarta]bExecutive Command Tenth Anniversary First Asian-African Conferencec[1965] a6 p.c23 cm.20aAsian-African Journalists' Association. c89301d89301